|
|
|
|
| LEADER |
00000nam0a2200000 4500 |
| 001 |
362119 |
| 005 |
20231102011446.0 |
| 035 |
|
|
|a (RuTPU)RU\TPU\retro\19465
|
| 090 |
|
|
|a 362119
|
| 100 |
|
|
|a 20210716d1980 km y0rusy50 ca
|
| 101 |
0 |
|
|a rus
|
| 102 |
|
|
|a RU
|
| 105 |
|
|
|a y z 001zy
|
| 200 |
1 |
|
|a Эргодическая теория
|f И. П. Корнфельд, Я. Г. Синай, С. В. Фомин
|
| 210 |
|
|
|a Москва
|c Наука
|d 1980
|
| 215 |
|
|
|a 383 с.
|
| 320 |
|
|
|a Библиогр.: с. 374-380
|
| 320 |
|
|
|a Предметный указатель: с. 381-383
|
| 320 |
|
|
|a Список обозначений: с. 8
|
| 606 |
1 |
|
|a Эргодическая теория
|2 stltpush
|3 (RuTPU)RU\TPU\subj\21401
|9 46402
|
| 610 |
1 |
|
|a динамические системы
|
| 610 |
1 |
|
|a примеры
|
| 610 |
1 |
|
|a эргодичность
|
| 610 |
1 |
|
|a перемешивание
|
| 610 |
1 |
|
|a основные конструкции
|
| 610 |
1 |
|
|a спектральная теория
|
| 610 |
1 |
|
|a аппроксимация
|
| 610 |
1 |
|
|a применение
|
| 675 |
|
|
|a 517.987
|v 4
|
| 700 |
|
1 |
|a Корнфельд
|b И. П.
|g Исаак Павлович
|
| 701 |
|
1 |
|a Синай
|b Я. Г.
|g Яков Григорьевич
|
| 701 |
|
1 |
|a Фомин
|b С. В.
|g Сергей Васильевич
|
| 801 |
|
1 |
|a RU
|b 63413507
|c 20210716
|
| 942 |
|
|
|c BK
|